MARC

LEADER 00000nam^a2200000^a^4500
001 000312572
005 20250625000000.0
009 20260310113118.912
022 |a 0187-7836 
037 |a Acervo ITESO - Biblioteca 
041 |a ESP 
082 |a 340. 05  |b FOR S. 8 V. 2 T. 3 
240 1 4 |a [El foro: órgano de la Barra Mexicana, Colegio de Abogados] 
245 0 3 |a El foro :  |b órgano de la Barra Mexicana, Colegio de Abogados : octava época, tomo II, número 3 /  |c Dir. de F.A. Vázquez Pando ; ed. de L. Trigueros Gaisman. 
264 |a México :  |b Barra Mexicana, Colegio de Abogados,  |c 1990 
300 |a 205 p. 
336 |a texto  |b txt  |2 rdacontenido 
337 |a sin mediación  |b n  |2 rdamedio 
338 |a volumen  |b nc  |2 rdasoporte 
649 |a XX 
650 |a Tabaquismo -  |z México -  |x Prevención 
650 |a Impuestos sobre la Renta -  |z México 
650 |a Deducciones Fiscales -  |z México 
650 |a Mercado de Valores -  |z México 
650 |a Quiebra -  |z México 
650 |a Flujo Monetario 
650 |a Inversiones Extranjeras -  |z México -  |x Aspectos Jurídicos 
650 |a Deportes -  |z México -  |x Aspectos Jurídicos 
650 |a Puertos -  |z México -  |x Aspectos Jurídicos 
650 |a Tratados Internacionales 
650 |a Derecho Mercantil -  |z México 
650 |a Derecho Económico -  |z México 
650 |a Derecho Fiscal -  |z México 
650 |a Derecho Administrativo -  |z México 
650 |a Derecho Constitucional -  |z México 
650 |a Derecho Privado -  |z México 
650 |a Derecho Social -  |z México 
650 |a Derecho Público -  |z México 
650 |a Derecho Internacional Privado 
650 |a Derecho Internacional 
650 |a Derecho -  |x Publicaciones Periódicas Mexicanas -  |x Tema Principal 
650 |a Publicaciones Periódicas Mexicanas 
700 |a Vázquez Pando, Fernando Alejandro  |e (dirección) 
700 |a Trigueros Gaisman, Laura  |e (edición) 
910 |a Fondo General 
920 |a Impresos - Libros 
930 |a Colección General 
905 |a 101 
901 |a 0500199297  |b IT1  |c ACC  |d DT  |i DGL  |u 20250625 
902 |a https://opac.biblio.iteso.mx/vufind/Record/000312572